International business
Gespeichert in:
| 1. Verfasser: | |
|---|---|
| Weitere Verfasser: | |
| Format: | Buch |
| Sprache: | Englisch |
| Veröffentlicht: |
Hoboken
John Wiley & Sons, Inc.
2004
|
| Schlagworte: | |
| Tags: |
Keine Tags, Fügen Sie das erste Tag hinzu!
|
MARC
| LEADER | 00000nam$a2200000$$$4500 | ||
|---|---|---|---|
| 001 | 0002671 | ||
| 005 | 20230717100453.4 | ||
| 020 | |a 0-471-42937-6 | ||
| 041 | 0 | |a eng | |
| 044 | |a US | ||
| 245 | 1 | 0 | |a International business |c Oded Shenkar, Yadong Luo |
| 264 | 1 | |a Hoboken |b John Wiley & Sons, Inc. |c 2004 | |
| 300 | |a 513 s. | ||
| 610 | 2 | 0 | |a podnikanie medzinárodné |
| 610 | 2 | 0 | |a investície priame zahraničné |
| 610 | 2 | 0 | |a manažment |
| 610 | 2 | 0 | |a obchod medzinárodný |
| 610 | 2 | 0 | |a porovnanie medzinárodné |
| 610 | 2 | 0 | |a prostredie podnikateľské |
| 610 | 2 | 0 | |a zdroje ľudské |
| 610 | 2 | 0 | |a teórie ekonomické |
| 610 | 2 | 0 | |a podnik multinacionálny |
| 610 | 2 | 0 | |a politika |
| 610 | 2 | 0 | |a legislatíva |
| 610 | 2 | 0 | |a integrácia ekonomická medzinárodná |
| 610 | 2 | 0 | |a politika peňažná |
| 610 | 2 | 0 | |a trh finančný |
| 610 | 2 | 0 | |a stratégia podniková |
| 610 | 2 | 0 | |a financie |
| 610 | 2 | 0 | |a globalizácia |
| 610 | 2 | 0 | |a obchod elektronický |
| 610 | 2 | 0 | |a etika podnikateľská |
| 100 | 1 | |a Shenkar, Oded | |
| 700 | 1 | |a Luo, Yadong | |